[Event "Gatineau Fischer mem."]
[Site "Gatineau CAN"]
[Date "2009.02.03"]
[Round "3"]
[White "Thibault, Mario"]
[Black "Arsenault, Michel"]
[Result "0-1"]
[WhiteElo "1632"]
[BlackElo "1974"]
[PlyCount "84"]
[GameId "2160767910273254"]
[EventDate "2009.01.20"]
[EventType "swiss"]
[EventRounds "6"]
[EventCountry "CAN"]
[SourceTitle "EXT 2011"]
[Source "ChessBase"]
[SourceDate "2011.11.26"]
[SourceVersion "1"]
[SourceVersionDate "2011.11.26"]
[SourceQuality "1"]

1. Nf3 c5 2. g3 Nc6 3. Bg2 e5 4. d3 Nge7 5. O-O g6 6. c4 Bg7 7. Nc3 d6 8. a3 O-O 9. Rb1 a5 10. e4 h6 11. Nb5 Be6 12. Ne1 Qd7 13. Be3 Kh7 14. Nc2 f5 15. f4 Nd4 16. Nbxd4 exd4 17. Bf2 fxe4 18. Bxe4 d5 19. cxd5 Bxd5 20. Qf3 Bxe4 21. dxe4 Nc6 22. Qd3 Qe6 23. b3 a4 24. Qc4 Qxc4 25. bxc4 Na5 26. e5 g5 27. Bxd4 cxd4 28. Nxd4 Rfd8 29. Ne6 Rd3 30. c5 Re8 31. Rb6 Rb3 32. Nd4 Rxb6 33. cxb6 gxf4 34. gxf4 Rc8 35. Rf3 Nc4 36. Rg3 Rg8 37. Kf1 Nxe5 38. Ne6 Nd7 39. f5 Nxb6 40. Rh3 Be5 41. Rh5 Nc4 42. Ng5+ Rxg5 0-1

[Event "Gatineau Fischer mem."]
[Site "Gatineau CAN"]
[Date "2009.02.10"]
[Round "4"]
[White "Arsenault, Yves"]
[Black "Duret, Serge"]
[Result "1-0"]
[WhiteElo "1402"]
[BlackElo "990"]
[PlyCount "75"]
[GameId "2160767910273255"]
[EventDate "2009.01.20"]
[EventType "swiss"]
[EventRounds "6"]
[EventCountry "CAN"]
[SourceTitle "EXT 2011"]
[Source "ChessBase"]
[SourceDate "2011.11.26"]
[SourceVersion "1"]
[SourceVersionDate "2011.11.26"]
[SourceQuality "1"]

1. e4 c5 2. Nf3 d6 3. d4 cxd4 4. Nxd4 Nf6 5. Nc3 g6 6. Bc4 Bg7 7. O-O Nc6 8. Be3 O-O 9. Qd2 Ng4 10. Nxc6 bxc6 11. Bf4 Qb6 12. Nd1 Be6 13. Be2 f5 14. exf5 Bxf5 15. h3 Ne5 16. Be3 Qb7 17. Rc1 Rfb8 18. c3 Be6 19. b3 a5 20. Rc2 c5 21. f4 Nf7 22. Bf3 d5 23. Bxc5 Qc7 24. Bd4 Nh6 25. Bxg7 Kxg7 26. Bxd5 Qc5+ 27. Ne3 Rd8 28. c4 Bxd5 29. cxd5 Qa7 30. Kh1 Nf5 31. Nxf5+ gxf5 32. Rfc1 Qb7 33. Qd4+ Kg8 34. Rc5 Qb6 35. Qe5 Qb7 36. Qxf5 Rd6 37. Rc8+ Rxc8 38. Rxc8+ 1-0

[Event "Gatineau Fischer mem."]
[Site "Gatineau CAN"]
[Date "2009.02.10"]
[Round "4"]
[White "Beriault, Silvain"]
[Black "Groleau, Gilles"]
[Result "1/2-1/2"]
[WhiteElo "1688"]
[BlackElo "1959"]
[PlyCount "92"]
[GameId "2160767910273256"]
[EventDate "2009.01.20"]
[EventType "swiss"]
[EventRounds "6"]
[EventCountry "CAN"]
[SourceTitle "EXT 2011"]
[Source "ChessBase"]
[SourceDate "2011.11.26"]
[SourceVersion "1"]
[SourceVersionDate "2011.11.26"]
[SourceQuality "1"]

1. d4 Nf6 2. c4 e6 3. Nf3 b6 4. g3 Bb7 5. Bg2 Be7 6. O-O O-O 7. Nc3 Ne4 8. Qc2 Nxc3 9. Qxc3 f5 10. Bf4 Bf6 11. Be5 d6 12. Bxf6 Qxf6 13. Nd2 Bxg2 14. Kxg2 c5 15. e3 Nc6 16. Nf3 Rac8 17. a3 cxd4 18. exd4 Na5 19. b3 Rc7 20. Rfe1 f4 21. Re4 fxg3 22. fxg3 d5 23. Rf4 Qe7 24. Rxf8+ Qxf8 25. c5 Nc6 26. cxb6 axb6 27. Rf1 Qd8 28. Qe3 Qe8 29. Qf4 Rf7 30. Qd6 Qd7 31. Qxd7 Rxd7 32. Rc1 Ne7 33. Ng5 h6 34. Nxe6 Kf7 35. Nf4 Nf5 36. Rc6 b5 37. Rc5 Nxd4 38. Rxd5 Rxd5 39. Nxd5 Nxb3 40. Kf2 Nd4 41. Nc3 Ke6 42. g4 Ke5 43. Kg3 g5 44. h4 gxh4+ 45. Kxh4 Kf4 46. Kh5 Kf3 1/2-1/2

[Event "Gatineau Fischer mem."]
[Site "Gatineau CAN"]
[Date "2009.02.10"]
[Round "4"]
[White "Berthiaume, Serge"]
[Black "Rainey, Ivan"]
[Result "0-1"]
[WhiteElo "1356"]
[BlackElo "1456"]
[PlyCount "148"]
[GameId "2160767910273257"]
[EventDate "2009.01.20"]
[EventType "swiss"]
[EventRounds "6"]
[EventCountry "CAN"]
[SourceTitle "EXT 2011"]
[Source "ChessBase"]
[SourceDate "2011.11.26"]
[SourceVersion "1"]
[SourceVersionDate "2011.11.26"]
[SourceQuality "1"]

1. d4 Nf6 2. Nf3 d6 3. Nc3 g6 4. e4 Bg7 5. Be3 O-O 6. Qd2 h5 7. Bh6 e5 8. Bxg7 Kxg7 9. O-O-O b6 10. Qe2 exd4 11. Nxd4 Re8 12. f3 c5 13. Ndb5 Re6 14. Nd5 Nxd5 15. Rxd5 a6 16. Nc3 Nc6 17. Rd2 Bb7 18. Qf2 b5 19. h4 b4 20. Nd5 Nd4 21. Bc4 a5 22. Rg1 a4 23. g4 hxg4 24. Rxg4 b3 25. a3 bxc2 26. Ne3 Nb3+ 27. Bxb3 axb3 28. Qg2 Rxa3 29. bxa3 Qf6 30. Nxc2 Qc3 31. h5 bxc2 32. Rxc2 Qxa3+ 33. Kd2 Qb4+ 34. Kd1 Qb1+ 35. Kd2 Qb4+ 36. Kc1 Qe1+ 37. Kb2 Qb4+ 38. Ka2 Qa4+ 39. Kb1 Qb3+ 40. Kc1 Qe3+ 41. Kd1 Bc6 42. Re2 Ba4+ 43. Ke1 Qc3+ 44. Kf2 Bd1 45. Re1 Qd4+ 46. Kg3 Ba4 47. Re2 c4 48. Kh2 Qe5+ 49. Kh3 Qxh5+ 50. Rh4 Qc5 51. Re1 c3 52. Qa2 Qd4 53. e5 Qd2 54. Re2 Qxa2 55. Rxa2 Bb3 56. Ra1 Rxe5 57. Rc1 c2 58. Rb4 Be6+ 59. Kg3 Bf5 60. Rb3 Re2 61. Rc3 Rd2 62. Kf4 Re2 63. Kg3 d5 64. Rc5 d4 65. Rxf5 gxf5 66. f4 d3 67. Kf3 Kg6 68. Rg1+ Kf6 69. Rc1 Ke6 70. Ra1 Kd5 71. Ra5+ Kc4 72. Ra7 Kc3 73. Rc7+ Kd2 74. Rc6 c1=Q 0-1

[Event "Gatineau Fischer mem."]
[Site "Gatineau CAN"]
[Date "2009.02.10"]
[Round "4"]
[White "Brousseau, Yvan"]
[Black "Levesque, Andre"]
[Result "1-0"]
[WhiteElo "2050"]
[BlackElo "1257"]
[PlyCount "77"]
[GameId "2160767910273258"]
[EventDate "2009.01.20"]
[EventType "swiss"]
[EventRounds "6"]
[EventCountry "CAN"]
[SourceTitle "EXT 2011"]
[Source "ChessBase"]
[SourceDate "2011.11.26"]
[SourceVersion "1"]
[SourceVersionDate "2011.11.26"]
[SourceQuality "1"]

1. d4 f5 2. c4 e6 3. Nc3 Nf6 4. Bg5 Be7 5. e3 O-O 6. Bd3 c6 7. Nf3 d6 8. O-O Qe8 9. b4 Bd8 10. c5 d5 11. Bf4 Ne4 12. Bxe4 dxe4 13. Ne5 Nd7 14. Nc4 Be7 15. f3 Nf6 16. fxe4 Nxe4 17. Nxe4 fxe4 18. Ne5 Bf6 19. Qc2 Bxe5 20. Bxe5 Qg6 21. Rxf8+ Kxf8 22. Rf1+ Kg8 23. Rf4 Bd7 24. h3 Qh6 25. Bxg7 Kxg7 26. Qxe4 Rf8 27. Qe5+ Rf6 28. Qc7 Rxf4 29. exf4 Qf6 30. Qxd7+ Qf7 31. Qxf7+ Kxf7 32. Kf2 b6 33. Ke3 b5 34. Ke4 Kf6 35. g4 h6 36. h4 a6 37. a3 Kf7 38. Ke5 Ke7 39. h5 1-0

[Event "Gatineau Fischer mem."]
[Site "Gatineau CAN"]
[Date "2009.02.10"]
[Round "4"]
[White "Desjardins, Michel"]
[Black "Gagnon, Fabien"]
[Result "1-0"]
[WhiteElo "1944"]
[BlackElo "1900"]
[PlyCount "73"]
[GameId "2160767910273259"]
[EventDate "2009.01.20"]
[EventType "swiss"]
[EventRounds "6"]
[EventCountry "CAN"]
[SourceTitle "EXT 2011"]
[Source "ChessBase"]
[SourceDate "2011.11.26"]
[SourceVersion "1"]
[SourceVersionDate "2011.11.26"]
[SourceQuality "1"]

1. e4 c5 2. Nc3 Nc6 3. g3 g6 4. Bg2 Bg7 5. d3 d6 6. Be3 e5 7. Qd2 Nge7 8. Bh6 O-O 9. Bxg7 Kxg7 10. f4 Nd4 11. Nf3 Bg4 12. O-O Bxf3 13. Bxf3 Qb6 14. Rab1 c4 15. Kh1 cxd3 16. Qxd3 Rac8 17. Bg2 Qc5 18. Rfc1 Rc7 19. Qd1 Rfc8 20. Na4 Qc6 21. Nc3 b5 22. Nd5 Nxd5 23. exd5 Qc4 24. c3 Nf5 25. b3 Qc5 26. fxe5 dxe5 27. Qd3 Qe3 28. Qxe3 Nxe3 29. d6 Rxc3 30. Rxc3 Rxc3 31. d7 Rd3 32. Bc6 b4 33. Bb5 Rd6 34. Rc1 a6 35. Ba4 Kf6 36. Rc6 Ke7 37. Rxd6 1-0

[Event "Gatineau Fischer mem."]
[Site "Gatineau CAN"]
[Date "2009.02.10"]
[Round "4"]
[White "Guimond, Michel"]
[Black "Cossette, Daniel"]
[Result "0-1"]
[WhiteElo "1895"]
[BlackElo "2063"]
[PlyCount "94"]
[GameId "2160767910273260"]
[EventDate "2009.01.20"]
[EventType "swiss"]
[EventRounds "6"]
[EventCountry "CAN"]
[SourceTitle "EXT 2011"]
[Source "ChessBase"]
[SourceDate "2011.11.26"]
[SourceVersion "1"]
[SourceVersionDate "2011.11.26"]
[SourceQuality "1"]

1. e4 c5 2. Nf3 Nc6 3. d4 cxd4 4. Nxd4 g6 5. Nc3 Bg7 6. Be3 Nf6 7. Nxc6 bxc6 8. e5 Nd5 9. Nxd5 cxd5 10. Qxd5 Rb8 11. Bxa7 Rxb2 12. Bd4 Rxc2 13. Bd3 Rc6 14. O-O O-O 15. Bb5 Re6 16. Qe4 Bxe5 17. Bxe5 d6 18. Rfe1 Qa5 19. Bc3 Qxc3 20. Qc4 Qxc4 21. Bxc4 Re5 22. Rac1 Rxe1+ 23. Rxe1 e6 24. Rb1 d5 25. Bb5 Rd8 26. Kf1 Bd7 27. a4 Rb8 28. Ke2 Kf8 29. f4 Ke7 30. Kd3 Kd6 31. Kd4 f6 32. h3 e5+ 33. fxe5+ fxe5+ 34. Ke3 Bxb5 35. axb5 Rb6 36. g4 Kc5 37. Rc1+ Kxb5 38. g5 Rb7 39. Rf1 Kc5 40. Rc1+ Kd6 41. Kf3 e4+ 42. Kg4 Ke5 43. h4 Rf7 44. Rc8 e3 45. Re8+ Kd4 46. h5 gxh5+ 47. Kxh5 Kd3 0-1

[Event "Gatineau Fischer mem."]
[Site "Gatineau CAN"]
[Date "2009.02.10"]
[Round "4"]
[White "Jani, Louis"]
[Black "Thibault, Mario"]
[Result "0-1"]
[WhiteElo "1398"]
[BlackElo "1632"]
[PlyCount "92"]
[GameId "2160767910273261"]
[EventDate "2009.01.20"]
[EventType "swiss"]
[EventRounds "6"]
[EventCountry "CAN"]
[SourceTitle "EXT 2011"]
[Source "ChessBase"]
[SourceDate "2011.11.26"]
[SourceVersion "1"]
[SourceVersionDate "2011.11.26"]
[SourceQuality "1"]

1. f4 g6 2. Nf3 d5 3. e3 Bg7 4. Be2 Nh6 5. d4 O-O 6. O-O Nd7 7. Nc3 Nf6 8. Bd3 Bf5 9. Re1 Ne4 10. Bxe4 Bxe4 11. Nxe4 dxe4 12. Ng5 Qd5 13. c4 Qxc4 14. Nxe4 Nf5 15. Re2 c6 16. Kh1 Rfd8 17. Qe1 Nd6 18. Nxd6 Rxd6 19. Bd2 Rc8 20. Bb4 Rd7 21. b3 Qa6 22. Rc1 b6 23. Rec2 Rdc7 24. a4 Qd3 25. Rc3 Qe4 26. R3c2 h5 27. Qe2 Bf6 28. Bc3 Kf8 29. Qd2 Kg8 30. Qe2 Kf8 31. Qd2 h4 32. h3 Ke8 33. Rd1 Rd8 34. a5 c5 35. Qf2 cxd4 36. Rcd2 Rxc3 37. exd4 Rxh3+ 38. Kg1 Rxb3 39. axb6 axb6 40. Re2 Qf5 41. Red2 Rb1 42. Qf3 Rxd1+ 43. Qxd1 Qxf4 44. d5 Be5 45. g4 hxg3 46. Rg2 Bd4+ 0-1

[Event "Gatineau Fischer mem."]
[Site "Gatineau CAN"]
[Date "2009.02.10"]
[Round "4"]
[White "Jiang, Qizhe"]
[Black "Sabourin, Yves"]
[Result "0-1"]
[WhiteElo "1026"]
[BlackElo "1395"]
[PlyCount "76"]
[GameId "2160767910273262"]
[EventDate "2009.01.20"]
[EventType "swiss"]
[EventRounds "6"]
[EventCountry "CAN"]
[SourceTitle "EXT 2011"]
[Source "ChessBase"]
[SourceDate "2011.11.26"]
[SourceVersion "1"]
[SourceVersionDate "2011.11.26"]
[SourceQuality "1"]

1. e4 e5 2. Nf3 Nf6 3. Nc3 Nc6 4. Bc4 h6 5. d3 Bc5 6. h3 O-O 7. a3 a5 8. Bd2 b6 9. Nd5 Ba6 10. Nxf6+ Qxf6 11. Bd5 Bb7 12. O-O Rab8 13. Bc4 Nd4 14. Nxd4 Bxd4 15. Rb1 c6 16. Be3 Bxe3 17. fxe3 Qg5 18. Qf3 d5 19. exd5 cxd5 20. Bxd5 Bxd5 21. Qxd5 Qxe3+ 22. Kh1 Rbc8 23. Rbe1 Qc5 24. c4 Qxd5 25. cxd5 f6 26. Rc1 Rfd8 27. Rc6 Rxc6 28. dxc6 Rc8 29. Rc1 Rc7 30. b4 Kf7 31. b5 Ke6 32. g4 g6 33. Rf1 f5 34. gxf5+ gxf5 35. Kg2 f4 36. Kf3 Rg7 37. Ke4 Rg3 38. Rc1 Re3# 0-1

[Event "Gatineau Fischer mem."]
[Site "Gatineau CAN"]
[Date "2009.02.10"]
[Round "4"]
[White "Laurin, Jacques"]
[Black "Lavergne, Daniel"]
[Result "1-0"]
[WhiteElo "1829"]
[BlackElo "1624"]
[PlyCount "113"]
[GameId "2160767910273263"]
[EventDate "2009.01.20"]
[EventType "swiss"]
[EventRounds "6"]
[EventCountry "CAN"]
[SourceTitle "EXT 2011"]
[Source "ChessBase"]
[SourceDate "2011.11.26"]
[SourceVersion "1"]
[SourceVersionDate "2011.11.26"]
[SourceQuality "1"]

1. c4 Nf6 2. Nc3 g6 3. g3 Bg7 4. Bg2 O-O 5. e3 Nc6 6. d4 b6 7. Nge2 Bb7 8. b4 a6 9. Rb1 Ra7 10. O-O Qa8 11. Nd5 Nxd5 12. cxd5 Nd8 13. e4 c6 14. d6 exd6 15. Bf4 a5 16. Bxd6 Re8 17. Bc7 axb4 18. Rxb4 Rxa2 19. Nc3 Ra3 20. Nb1 Ra1 21. d5 cxd5 22. exd5 Ba6 23. Re1 Rxe1+ 24. Qxe1 Nb7 25. Re4 Bf8 26. Be5 Bd3 27. Bxa1 Qxa1 28. Nc3 Qxe1+ 29. Rxe1 Nd6 30. Ne4 Nxe4 31. Bxe4 Bc4 32. Ra1 f5 33. Bg2 Bc5 34. Ra7 d6 35. h4 b5 36. Rb7 b4 37. g4 Ba6 38. Rb8+ Kg7 39. g5 h6 40. Bf1 Bxf1 41. Kxf1 hxg5 42. hxg5 Kf7 43. Rb7+ Kf8 44. Ke2 Kg8 45. f4 Kf8 46. Kd3 Kg8 47. Rd7 Kf8 48. Kc4 Kg8 49. Kb5 b3 50. Kc6 b2 51. Rb7 Ba3 52. Kd7 Kf7 53. Rb8 Kg7 54. Ke6 Kh7 55. Rb7+ Kh8 56. Kf6 Bc5 57. Kxg6 1-0

[Event "Gatineau Fischer mem."]
[Site "Gatineau CAN"]
[Date "2009.02.10"]
[Round "4"]
[White "Libersan, Mattieu"]
[Black "Lacourse, Guy"]
[Result "1-0"]
[WhiteElo "1840"]
[BlackElo "1576"]
[PlyCount "49"]
[GameId "2160767910273264"]
[EventDate "2009.01.20"]
[EventType "swiss"]
[EventRounds "6"]
[EventCountry "CAN"]
[SourceTitle "EXT 2011"]
[Source "ChessBase"]
[SourceDate "2011.11.26"]
[SourceVersion "1"]
[SourceVersionDate "2011.11.26"]
[SourceQuality "1"]

1. e4 c5 2. Nf3 e6 3. d4 cxd4 4. Nxd4 a6 5. c4 Nf6 6. Nc3 d6 7. Be2 Nbd7 8. O-O Qc7 9. Be3 Be7 10. Qd2 O-O 11. f4 Nc5 12. Bf3 e5 13. Nd5 Nxd5 14. cxd5 exf4 15. Bxf4 Nd7 16. Nf5 Ne5 17. Rac1 Nxf3+ 18. Rxf3 Qd8 19. Nxg7 Bh4 20. Bh6 Bg4 21. Rf4 Bg5 22. Rxg4 Bxd2 23. Ne6+ Bg5 24. Nxd8 Rfxd8 25. Rxg5+ 1-0

[Event "Gatineau Fischer mem."]
[Site "Gatineau CAN"]
[Date "2009.02.10"]
[Round "4"]
[White "Menard, Marc"]
[Black "Huard, Martin"]
[Result "1-0"]
[WhiteElo "1529"]
[BlackElo "1302"]
[PlyCount "93"]
[GameId "2160767910273266"]
[EventDate "2009.01.20"]
[EventType "swiss"]
[EventRounds "6"]
[EventCountry "CAN"]
[SourceTitle "EXT 2011"]
[Source "ChessBase"]
[SourceDate "2011.11.26"]
[SourceVersion "1"]
[SourceVersionDate "2011.11.26"]
[SourceQuality "1"]

1. e4 e5 2. Nf3 Nc6 3. Bb5 d6 4. d4 Bd7 5. d5 Na5 6. Bxd7+ Qxd7 7. Qe2 O-O-O 8. b4 Nc6 9. dxc6 Qxc6 10. O-O h6 11. c4 Nf6 12. Nc3 Nd7 13. b5 Qc5 14. Be3 Qa3 15. Rac1 g6 16. Nd5 f5 17. exf5 gxf5 18. g3 Kb8 19. Kh1 h5 20. Ng5 Re8 21. Qf3 f4 22. gxf4 exf4 23. Bxf4 Qb2 24. Be3 Bg7 25. Rfe1 Ne5 26. Qe2 Qa3 27. Bd4 b6 28. Bxe5 Rxe5 29. Qd2 Rhe8 30. f4 Rxe1+ 31. Rxe1 Rc8 32. Qe2 Kb7 33. Qf3 Qxf3+ 34. Nxf3 c6 35. Re7+ Kb8 36. Rxg7 cxd5 37. cxd5 Rc1+ 38. Rg1 Rc5 39. Nd4 Rxd5 40. Nc6+ Kc7 41. Rg7+ Kc8 42. Ne7+ Kb8 43. Nxd5 h4 44. f5 Kc8 45. f6 Kd8 46. f7 Kc8 47. f8=R# 1-0

[Event "Gatineau Fischer mem."]
[Site "Gatineau CAN"]
[Date "2009.02.10"]
[Round "4"]
[White "Scantland, Patrick"]
[Black "Danilov, Alex"]
[Result "0-1"]
[WhiteElo "1715"]
[BlackElo "1850"]
[PlyCount "40"]
[GameId "2160767910273267"]
[EventDate "2009.01.20"]
[EventType "swiss"]
[EventRounds "6"]
[EventCountry "CAN"]
[SourceTitle "EXT 2011"]
[Source "ChessBase"]
[SourceDate "2011.11.26"]
[SourceVersion "1"]
[SourceVersionDate "2011.11.26"]
[SourceQuality "1"]

1. d4 Nf6 2. c4 e6 3. Nf3 b6 4. g3 Bb7 5. Bg2 Be7 6. Nc3 Ne4 7. Qc2 Nxc3 8. Qxc3 O-O 9. O-O Bf6 10. Qd3 d5 11. b3 Nd7 12. Bf4 c5 13. e3 dxc4 14. Qxc4 Rc8 15. Qd3 Bxf3 16. Bxf3 e5 17. dxe5 Nxe5 18. Qxd8 Nxf3+ 19. Kg2 Rfxd8 20. Kxf3 g5 0-1

[Event "Gatineau Fischer mem."]
[Site "Gatineau CAN"]
[Date "2009.02.10"]
[Round "4"]
[White "Thibault, David"]
[Black "Labelle, Raymond"]
[Result "1-0"]
[WhiteElo "1665"]
[BlackElo "1353"]
[PlyCount "51"]
[GameId "2160767910273268"]
[EventDate "2009.01.20"]
[EventType "swiss"]
[EventRounds "6"]
[EventCountry "CAN"]
[SourceTitle "EXT 2011"]
[Source "ChessBase"]
[SourceDate "2011.11.26"]
[SourceVersion "1"]
[SourceVersionDate "2011.11.26"]
[SourceQuality "1"]

1. e4 e5 2. Nf3 Nc6 3. Bc4 Bc5 4. Nc3 Nf6 5. d3 d6 6. h3 h6 7. Bd2 a6 8. Ne2 O-O 9. Bb3 Re8 10. g4 Be6 11. c3 Nh7 12. Ng3 Bxb3 13. Qxb3 Qf6 14. Qd1 Rad8 15. Qe2 d5 16. O-O-O d4 17. h4 Qe6 18. Kb1 Qxg4 19. Nf5 Qg6 20. Rhg1 Ng5 21. Nxg5 hxg5 22. Rxg5 Qf6 23. Rxg7+ Kf8 24. Rdg1 Ne7 25. Bg5 Qxg7 26. Nxg7 1-0

[Event "Gatineau Fischer mem."]
[Site "Gatineau CAN"]
[Date "2009.02.17"]
[Round "5"]
[White "Berthiaume, Patrick"]
[Black "Beland, Guy"]
[Result "0-1"]
[WhiteElo "1233"]
[BlackElo "1307"]
[PlyCount "50"]
[GameId "2160767910273269"]
[EventDate "2009.01.20"]
[EventType "swiss"]
[EventRounds "6"]
[EventCountry "CAN"]
[SourceTitle "EXT 2011"]
[Source "ChessBase"]
[SourceDate "2011.11.26"]
[SourceVersion "1"]
[SourceVersionDate "2011.11.26"]
[SourceQuality "1"]

1. e4 e5 2. Nf3 Nc6 3. Bc4 d6 4. d3 Be7 5. Nc3 Na5 6. Bb3 Nxb3 7. axb3 c6 8. Be3 b6 9. Na4 Bb7 10. c4 Nf6 11. O-O h6 12. Qd2 Ng4 13. Ne1 Bg5 14. Bxg5 hxg5 15. h3 Nh6 16. Nc2 g4 17. Ra2 gxh3 18. gxh3 Ng4 19. Nxb6 Qh4 20. f3 Qxh3 21. fxg4 Qh1+ 22. Kf2 Qh4+ 23. Ke3 Qg5+ 24. Ke2 Rh2+ 25. Rf2 Rxf2+ 0-1

[Event "Gatineau Fischer mem."]
[Site "Gatineau CAN"]
[Date "2009.02.17"]
[Round "5"]
[White "Berthiaume, Serge"]
[Black "Duret, Serge"]
[Result "1-0"]
[WhiteElo "1356"]
[BlackElo "990"]
[PlyCount "39"]
[GameId "2160767910273270"]
[EventDate "2009.01.20"]
[EventType "swiss"]
[EventRounds "6"]
[EventCountry "CAN"]
[SourceTitle "EXT 2011"]
[Source "ChessBase"]
[SourceDate "2011.11.26"]
[SourceVersion "1"]
[SourceVersionDate "2011.11.26"]
[SourceQuality "1"]

1. d4 d5 2. Nf3 Nf6 3. Bf4 e6 4. e3 Be7 5. Nc3 Nc6 6. Nb5 Bd6 7. Nxd6+ cxd6 8. Bd3 e5 9. dxe5 dxe5 10. Nxe5 Nxe5 11. Bxe5 Ng4 12. Bxg7 Rg8 13. Bc3 Qh4 14. Bb5+ Bd7 15. Bxd7+ Kxd7 16. Qxd5+ Kc8 17. Qf5+ Kd8 18. O-O-O+ Ke8 19. Bb4 Rd8 20. Qe4+ 1-0

[Event "Gatineau Fischer mem."]
[Site "Gatineau CAN"]
[Date "2009.02.17"]
[Round "5"]
[White "Cossette, Daniel"]
[Black "Arsenault, Michel"]
[Result "0-1"]
[WhiteElo "2063"]
[BlackElo "1974"]
[PlyCount "150"]
[GameId "2160767910273271"]
[EventDate "2009.01.20"]
[EventType "swiss"]
[EventRounds "6"]
[EventCountry "CAN"]
[SourceTitle "EXT 2011"]
[Source "ChessBase"]
[SourceDate "2011.11.26"]
[SourceVersion "1"]
[SourceVersionDate "2011.11.26"]
[SourceQuality "1"]

1. e4 c5 2. d4 cxd4 3. c3 dxc3 4. Nxc3 Nc6 5. Nf3 d6 6. Bc4 e6 7. O-O Be7 8. Qe2 Bd7 9. Rd1 a6 10. h3 b5 11. Bb3 Na5 12. Bc2 Rc8 13. Bf4 e5 14. Bc1 Qc7 15. Bd3 Nf6 16. Bg5 Be6 17. Rac1 Qb8 18. Bxf6 Bxf6 19. Bb1 O-O 20. Qd2 Nc4 21. Qe2 Nb6 22. b3 Rc6 23. Nd5 Rxc1 24. Rxc1 Rc8 25. Rxc8+ Nxc8 26. Qc2 Ne7 27. g4 h6 28. Ne1 Qc8 29. Nxf6+ gxf6 30. Qd2 Kg7 31. Nc2 Qc5 32. Ne3 Ng6 33. Bd3 Nf4 34. Bf1 Qc6 35. Qc2 Qxc2 36. Nxc2 d5 37. exd5 Nxd5 38. a4 bxa4 39. bxa4 a5 40. Na3 Nb6 41. Bb5 Bb3 42. f3 Kf8 43. Kf2 Ke7 44. Ke3 Kd6 45. f4 Nxa4 46. fxe5+ fxe5 47. Bxa4 Bxa4 48. Nc4+ Kc5 49. Nxa5 Bd1 50. Nb7+ Kd5 51. Nd8 f6 52. Nf7 h5 53. Nh6 hxg4 54. hxg4 Bc2 55. Nf7 Bd1 56. g5 Bh5 57. Nh6 fxg5 58. Nf5 Bd1 59. Ng3 g4 60. Nf5 Ba4 61. Ng3 Bb5 62. Nf5 Ba6 63. Ng3 Bb7 64. Nf5 Ke6 65. Ng3 Kf6 66. Kf2 Kg5 67. Ke3 Bf3 68. Nf1 Kh4 69. Kf2 Kh3 70. Ng3 Bc6 71. Nf5 Kh2 72. Ng3 Bb5 73. Nf5 e4 74. Nh4 g3+ 75. Ke3 Bc6 0-1

[Event "Gatineau Fischer mem."]
[Site "Gatineau CAN"]
[Date "2009.02.17"]
[Round "5"]
[White "Danilov, Alex"]
[Black "Libersan, Mattieu"]
[Result "1-0"]
[WhiteElo "1850"]
[BlackElo "1870"]
[PlyCount "75"]
[GameId "2160767910273272"]
[EventDate "2009.01.20"]
[EventType "swiss"]
[EventRounds "6"]
[EventCountry "CAN"]
[SourceTitle "EXT 2011"]
[Source "ChessBase"]
[SourceDate "2011.11.26"]
[SourceVersion "1"]
[SourceVersionDate "2011.11.26"]
[SourceQuality "1"]

1. c4 Nf6 2. g3 e6 3. Nf3 d5 4. b3 Be7 5. Bb2 O-O 6. Bg2 b6 7. O-O Bb7 8. d4 Nbd7 9. Nc3 c5 10. e3 Rc8 11. cxd5 exd5 12. dxc5 Nxc5 13. Nd4 Nce4 14. Rc1 Nxc3 15. Rxc3 Rxc3 16. Bxc3 Ne4 17. Bb2 Qd7 18. Qd3 Rc8 19. Nb5 Ba6 20. a4 Bxb5 21. axb5 Nc5 22. Qxd5 Qxd5 23. Bxd5 Nd3 24. Bd4 Bc5 25. Rd1 Nb4 26. Bxc5 Rxc5 27. Bc4 Kf8 28. Rd7 Nc2 29. Rxf7+ Ke8 30. Rxg7 Na3 31. Rxh7 Nxb5 32. h4 a5 33. Rb7 Nd6 34. Rxb6 Nxc4 35. bxc4 Rxc4 36. Ra6 a4 37. h5 Kf7 38. Kf1 1-0

[Event "Gatineau Fischer mem."]
[Site "Gatineau CAN"]
[Date "2009.02.17"]
[Round "5"]
[White "Groleau, Gilles"]
[Black "Arsenault, Yves"]
[Result "1-0"]
[WhiteElo "1959"]
[BlackElo "1402"]
[PlyCount "72"]
[GameId "2160767910273273"]
[EventDate "2009.01.20"]
[EventType "swiss"]
[EventRounds "6"]
[EventCountry "CAN"]
[SourceTitle "EXT 2011"]
[Source "ChessBase"]
[SourceDate "2011.11.26"]
[SourceVersion "1"]
[SourceVersionDate "2011.11.26"]
[SourceQuality "1"]

1. e4 e5 2. Nf3 Nc6 3. Bb5 a6 4. Ba4 Nf6 5. Qe2 d6 6. O-O Be7 7. c3 b5 8. Bc2 Bg4 9. h3 Bh5 10. d3 O-O 11. Rd1 Rc8 12. Nbd2 d5 13. Nf1 Bc5 14. Ng3 Re8 15. Nxh5 Nxh5 16. Kh2 Nf4 17. Bxf4 exf4 18. d4 dxe4 19. dxc5 exf3 20. Qxf3 Qf6 21. Qd3 g6 22. Re1 Ne5 23. Qf1 Nc4 24. a4 Nd2 25. Qd3 Rcd8 26. Rxe8+ Rxe8 27. Qxd2 c6 28. axb5 axb5 29. Qd6 Qxd6 30. cxd6 Rd8 31. Rd1 Kg7 32. Be4 c5 33. Bc6 b4 34. d7 bxc3 35. bxc3 Kf6 36. Re1 g5 1-0

[Event "Gatineau Fischer mem."]
[Site "Gatineau CAN"]
[Date "2009.02.17"]
[Round "5"]
[White "Guimond, Michel"]
[Black "Laurin, Jacques"]
[Result "1-0"]
[WhiteElo "1895"]
[BlackElo "1829"]
[PlyCount "45"]
[GameId "2160767910273274"]
[EventDate "2009.01.20"]
[EventType "swiss"]
[EventRounds "6"]
[EventCountry "CAN"]
[SourceTitle "EXT 2011"]
[Source "ChessBase"]
[SourceDate "2011.11.26"]
[SourceVersion "1"]
[SourceVersionDate "2011.11.26"]
[SourceQuality "1"]

1. e4 d6 2. d4 Nf6 3. Nc3 Nc6 4. f3 e5 5. Nge2 exd4 6. Nxd4 Ne5 7. f4 Bg4 8. Be2 Bxe2 9. Qxe2 Ng6 10. Qb5+ Nd7 11. Qxb7 Rb8 12. Qc6 Rb6 13. Qa4 c5 14. Nf5 Nh4 15. O-O g6 16. Nxh4 Qxh4 17. Qxa7 Bg7 18. Nd5 Bd4+ 19. Kh1 Rb8 20. Nc7+ Kf8 21. c3 Bf2 22. Nd5 Rd8 23. Qc7 1-0